Liverpool - Prawda czy Fałsz ? - Statystyki

Ogólne statystyki
  • Ten quiz został rozwiązany 203 razy
    75 od ostatniego zresetowania
  • Średni wynik to 10 z 15
Statystyki odpowiedzi
Zagadnienie Odpowiedź % Poprawnych
Kapitanem jest Alisson Fałsz
91%
Zawodnikiem Liverpoolu był Luis Suarez Prawda
91%
Trent Alexander-Arnold to wychowanek Liverpoolu Prawda
91%
Antonio Conte był trenerem Liverpoolu Fałsz
86%
Trenerem jest Jürgen Klopp Fałsz
83%
Van Dijk jest najstarszym zawodnikiem w kadrze Prawda
69%
W ataku nie posiada ani jednego Anglika Prawda
66%
Liverpool nigdy nie spadł z Premier League Prawda
63%
W Liverpoolu nie ma żadnego piłkarza przed ery Jürgena Kloppa Fałsz
60%
Mohamed Salah ma więcej bramek niż Kenny Dalglish Prawda
57%
Virgil van Dijk to największy transfer do Liverpoolu Fałsz
54%
Ian Rush posiada najwięcej występów w Liverpoolu Fałsz
51%
Jedynym Polakiem który zagrał w oficjalnym meczu jest Jerzy Dudek Fałsz
43%
Liverpool jest starszy od Manchesteru City Fałsz
29%
Ma więcej lig mistrzów niż Premier League Prawda
29%
Nie znaleziono quizów pasujących do podanych kryteriów
Rozkład punktacji
Procent ludzi z każdym wynikiem
Percentyl według liczby udzielonych odpowiedzi
Twoja historia wyników
Nie rozwiązałeś tego quizu od ostatniego zresetowania